| 000 | 00485nam a2200145Ia 4500 | ||
|---|---|---|---|
| 008 | 191111s9999 xx 000 0 und d | ||
| 020 | _a9781119312529 | ||
| 100 | _aMitton, Maureen. | ||
| 245 |
_cMaureen Mitton.-- _aInterior design visual presentation : _ba guide to graphics, models, and presentation methods / |
||
| 250 | _a5th ed | ||
| 260 |
_aUSA : _bJohn Wily and Sons, Inc. _c2018 |
||
| 300 | _ax, 320 pages. | ||
| 650 | _aGraphic arts | ||
| 650 | _aInterior decoration rendering | ||
| 999 |
_c362627 _d362627 |
||